00720 2200229 4500001002100000005001700021008004100038035002400079082001000103090002100113100002100134245012900155260002800284300003400312500006100346500002900407650001500436850000900451985000600460986000900466999001500475YOGYA-0209000007219520090227093615.0 ind  0010-020900000072195 a338.1 a338.1bMus AlSK aMUSLIHAH, N. Num aAnalisis produktivitasPetani salak pondoh di kecamatan Turi Kabupaten Sleman daerah Istimewa YogyakartacOleh N.Num Muslihah aYogyakartab[s.n]c1993 axiii,92[25]lembarbilusc29cm aSkripsi Sekolah Tinggi Ilmu Ekonomi Kerjasama Yogyakarta aBibliografi;lembar 92-93 aUsaha tani aBPAD a1 aheru a08A0036161